000 00604nam a2200217Ii 4500
001 12011
003 CO-ViMGA
008 241108s9999||||xx |||||||||||||| ||und||
020 _a8489693056
040 _aCO-ViMGA
_bspa
_erda
_cCO-ViMGA
041 0 _aspa
082 0 4 _a573.3 L435
100 1 _aRichard E Leakey
_951660
245 1 0 _aLa Formación de la humanidad
264 1 _aMadrid, España : Optima, 1981
300 _avolumen
336 _atext
_btxt
_2rdacontent
337 _aunmediated
_bn
_2rdamedia
338 _avolume
_bnc
_2rdacarrier
940 _aidficha_siabuc: 11721. -- ficha_no_siabuc:12011
999 _c46392
_d46392